01285nam a2200193 i 4500001000700000003000900007005001700016008004100033100002400074245038600098260005400484300002100538600003400559600004400593651006400637852012400701852012000825852014600945173047ES-MaACL20240229062731.0091019s1808 sp |||| | spa d1 aArias, Juan deeaut10aManifiesto imparcial y exacto de lo más importante ocurrido en Aranjuez, Madrid y Bayona : bdesde 17 de marzo hasta 15 de mayo de 1808 : sobre la caída del Príncipe de la Paz, y sobre el fin de la amistad y alianza de los franceses con los españoles / cescrito en Madrid y cedido su producto a beneficio de los pobres de la Casa de Misericordia de Cádiz [por J. de A.]. a[Cádiz : bs.n. ], c1808f(Imp. en dicha Casa) a43 p. ; c20 cm.04aCarlos bIV,cRey de España04aGodoy, Manuel de,cPríncipe de la Paz 4aEspaña-xHistoria-y1808-1814, Guerra de la Independencia4 aES-MaACLjR-3318(1) z- Enc. en un vol. facticio con otras obras formando "Miscelánea patriótica" z- Enc. piel4 aES-MaACLjR-3318(1) zEnc. en un vol. facticio con otras obras formando "Miscelánea patriótica" zEnc. piel4 aES-MaACLjR-3318(1) zEncuadernado en un volumen facticio con otras obras formando "Miscelánea patriótica" zEncuadernación en piel